Online
Catalog

Revista médico-científica / (Record no. 58073)

MARC details
000 -CABECERA
campo de control de longitud fija 01096nas a2200277 a 4500
005 - FECHA Y HORA DE LA ÚLTIMA TRANSACCIÓN
campo de control 20260116143536.0
007 - CAMPO FIJO DE DESCRIPCIÓN FÍSICA--INFORMACIÓN GENERAL
campo de control de longitud fija ta
008 - DATOS DE LONGITUD FIJA--INFORMACIÓN GENERAL
campo de control de longitud fija 250120e2024 dr fu|p|r||||||0| ||spa d
022 ## - NÚMERO INTERNACIONAL NORMALIZADO PARA PUBLICACIONES SERIADAS
Número Internacional Normalizado para Publicaciones Seriadas 3060-9593
040 ## - FUENTE DE LA CATALOGACIÓN
Centro catalogador/agencia de origen DO-SdBNP
Centro/agencia transcriptor BNPHU
Normas de descripción rda
041 ## - CÓDIGO DE LENGUA
Código de lengua original spa
110 ## - ENTRADA PRINCIPAL--NOMBRE DE ENTIDAD CORPORATIVA
Nombre de entidad corporativa o nombre de jurisdicción como elemento de entrada Unión Médica del Norte
Sede del congreso/Lugar de la reunión Santiago de los Caballeros, República Dominicana
9 (RLIN) 86899
240 ## - TÍTULO UNIFORME
Título uniforme Unión & Ciencia.
245 ## - MENCIÓN DE TÍTULO
Título Revista médico-científica /
Mención de responsabilidad, etc. Unión Médica del Norte.
250 ## - MENCIÓN DE EDICIÓN
Mención de edición Tercera edición, diciembre 2024.
264 ## - PRODUCCIÓN, PUBLICACIÓN, DISTRIBUCIÓN, FABRICACIÓN Y COPYRIGHT
Producción, publicación, distribución, fabricación y copyright Santiago de los Caballeros, República Dominicana :
Nombre del de productor, editor, distribuidor, fabricante Unión Médica del Norte,
Fecha de producción, publicación, distribución, fabricación o copyright 2024.
300 ## - DESCRIPCIÓN FÍSICA
Extensión volumen :
Otras características físicas ilustraciones, fotografías ;
Dimensiones 27 cm.
310 ## - PERIODICIDAD ACTUAL
Periodicidad actual Semestral.
362 ## - FECHAS DE PUBLICACIÓN Y/O DESIGNACIÓN SECUENCIAL
Fecha de publicación y/o designación secuencial Volumen 1. Número 1. Enero-Junio de 2024.
500 ## - NOTA GENERAL
Nota general Domado por: Unión Médica del Norte.
500 ## - NOTA GENERAL
Nota general Órgano Oficial de Difusión de Investigación en Salud.
650 #0 - PUNTO DE ACCESO ADICIONAL DE MATERIA--TÉRMINO DE MATERIA
Término de materia o nombre geográfico como elemento de entrada Salud
Subdivisión de forma Publicaciones periódicas
9 (RLIN) 1687
650 #0 - PUNTO DE ACCESO ADICIONAL DE MATERIA--TÉRMINO DE MATERIA
Término de materia o nombre geográfico como elemento de entrada Medicina
9 (RLIN) 12481
Subdivisión de forma Publicaciones periódicas
856 ## - LOCALIZACIÓN Y ACCESO ELECTRÓNICOS
Identificador Uniforme del Recurso <a href="https://clinicaunionmedica.com/union-ciencia-noviembre-2025/">https://clinicaunionmedica.com/union-ciencia-noviembre-2025/</a>
942 ## - ELEMENTOS DE PUNTO DE ACCESO ADICIONAL (KOHA)
Fuente del sistema de clasificación o colocación Dewey Decimal Classification
Tipo de ítem Koha Publicación periódica
Holdings
Estado de retiro Estado de pérdida Fuente del sistema de clasificación o colocación Estado dañado Restricciones de uso No para préstamo Código de colección Localización permanente Ubicación/localización actual Fecha de adquisición Enumeración/cronología de publicación seriada Total de préstamos Código de barras Fecha visto por última vez Número de copia Precio válido a partir de Tipo de ítem Koha Nota pública
    Dewey Decimal Classification   Préstamo en sala   Hemeroteca Biblioteca Nacional Pedro Henríquez Ureña Biblioteca Nacional Pedro Henríquez Ureña 20.01.2025 Vol. 1. No. 1. Enero-Junio 2024   2025-0202 20.01.2025 e.1 20.01.2025 Publicación periódica Donado por: Unión Médica del Norte.
    Dewey Decimal Classification   Préstamo en sala   Hemeroteca Biblioteca Nacional Pedro Henríquez Ureña Biblioteca Nacional Pedro Henríquez Ureña 20.01.2025 Vol. 1. No. 1. Enero-Junio 2024   2025-0203 20.01.2025 e.2 20.01.2025 Publicación periódica Donado por: Unión Médica del Norte.
    Dewey Decimal Classification   Préstamo en sala   Hemeroteca Biblioteca Nacional Pedro Henríquez Ureña Biblioteca Nacional Pedro Henríquez Ureña 20.01.2025 Vol. 1. No. 1. Enero-Junio 2024   2025-0204 20.01.2025 e.3 20.01.2025 Publicación periódica Donado por: Unión Médica del Norte.
    Dewey Decimal Classification   Préstamo en sala   Hemeroteca Biblioteca Nacional Pedro Henríquez Ureña Biblioteca Nacional Pedro Henríquez Ureña 16.01.2026 Vol. 2. No. 2. Enero-Diciembre 2025   2026-0097 16.01.2026 e.1 16.01.2026 Publicación periódica Donado por: Unión Médica del Norte.
    Dewey Decimal Classification   Préstamo en sala   Hemeroteca Biblioteca Nacional Pedro Henríquez Ureña Biblioteca Nacional Pedro Henríquez Ureña 16.01.2026 Vol. 2. No. 2. Enero-Diciembre 2025   2026-0098 16.01.2026 e.2 16.01.2026 Publicación periódica Donado por: Unión Médica del Norte.
    Dewey Decimal Classification   Préstamo en sala   Hemeroteca Biblioteca Nacional Pedro Henríquez Ureña Biblioteca Nacional Pedro Henríquez Ureña 16.01.2026 Vol. 2. No. 2. Enero-Diciembre 2025   2026-0099 16.01.2026 e.3 16.01.2026 Publicación periódica Donado por: Unión Médica del Norte.

Powered by Koha